Top 25 hip-hop albums - Statistics

General Stats
  • This quiz has been taken 569 times
  • The average score is 11 of 25
Answer Stats
Rank Year Artist Answer % Correct
2 1994 Nas Illmatic
96%
1 1993 Wu-Tang Clan Enter the Wu-Tang (36 Chambers)
80%
24 2012 Kendrick Lamar good kid, m.A.A.d city
77%
12 1994 The Notorious B.I.G. Ready to Die
76%
9 2010 Kanye West My Beautiful Dark Twisted Fantasy
69%
6 2004 Madvillain Madvillainy
60%
10 1998 Outkast Aquemini
57%
5 1991 A Tribe Called Quest The Low End Theory
55%
16 1996 Outkast ATLiens
54%
4 1995 Genius/GZA Liquid Swords
54%
13 1995 Mobb Deep The Infamous
51%
18 1999 Mos Def Black on Both Sides
43%
14 2006 J Dilla Donuts
43%
7 1993 A Tribe Called Quest Midnight Marauders
43%
15 1995 Raekwon Only Built 4 Cuban Linx...
40%
8 1988 Public Enemy It Takes a Nation of Millions to Hold Us Back
38%
22 1992 (Mos Def & Talib Kweli) Mos Def & Talib Kweli Are Black Star
37%
11 1989 Beastie Boys Paul's Boutique
25%
3 1996 DJ Shadow Endtroducing...
19%
20 1995 Big L Lifestylez ov da Poor & Dangerous
19%
19 1998 Gang Starr Moment of Truth
17%
23 1992 The Pharcyde Bizarre Ride II the Pharcyde
14%
25 2000 (Del the Funkee Homosapien) Deltron 3030
9%
21 1998 Pete Rock & CL Smooth Mecca and the Soul Brother
8%
17 1994 Organized Konfusion Stress: The Extinction Agenda
6%
No matching quizzes found
Score Distribution
Percent of People with Each Score
Percentile by Number Answered
Your Score History
You have not taken this quiz